| 000 | 00518nam a22001937a 4500 | ||
|---|---|---|---|
| 003 | OSt | ||
| 005 | 20160414135947.0 | ||
| 008 | 160414b xxu||||| |||| 00| 0 eng d | ||
| 020 | _a0333460391 | ||
| 040 | _cDDC. | ||
| 082 | _a306CUL 1991. | ||
| 100 |
_aBillington,Rosamund;[al.......et] _97896 |
||
| 245 | _aCulture and society; | ||
| 260 |
_aLondon. _bMacmillan Press LTD. _c1991. |
||
| 300 |
_ax,221p; _bill; _c20cm. |
||
| 504 | _aincludes bibliography and index. | ||
| 650 |
_aCulture. _97897 |
||
| 942 |
_2ddc _cSLOAN |
||
| 999 |
_c3538 _d3538 |
||